[Event "EICC 2019"]
[Site "Skopia"]
[Date "2019.03.26"]
[Round "8.30"]
[White "Rozum, Ivan"]
[Black "Safarli, Eltaj"]
[Result "1/2-1/2"]
[WhiteElo "2573"]
[BlackElo "2662"]
[Annotator "TA"]
[PlyCount "65"]
[EventDate "2019.03.18"]
[EventType "swiss"]
[EventCountry "MKD"]
[SourceTitle "playchess.com"]
[Source "ChessBase"]
[SourceQuality "1"]

{[%evp 20,65,-10,-12,-11,-32,-26,-46,-42,-38,-42,-40,-30,-42,-25,-25,-25,-25,-25,-25,-25,-25,-25,-25,-25,-25,-23,-27,-20,-26,0,0,0,0,0,0,0,0,0,0,0,0,4,0,0,0,0,0]} 1. c4 e5 {[%cal Be7e5,Be5e4][%mdl 32]} 2. Nc3 Nc6 3. Nf3 f5 4. d4 e4 5. d5 exf3 6. dxc6 fxg2 7. cxd7+ Qxd7 8. Qxd7+ Bxd7 9. Bxg2 c6 {A27: English Opening: Three Knights Variation} 10. b3 Nf6 11. Bb2 {LiveBook: 3 Games} O-O-O 12. O-O (12. Rd1 Be7 13. O-O Be6 {½-½ (13) Moussard,J (2576)-Andreikin,D (2712) Karlsruhe 2018}) 12... Bd6 13. Rad1 Be5 $146 ({Predecessor:} 13... Bc7 14. Na4 f4 15. Nc5 Bg4 16. Bf3 Bf5 17. b4 {0-1 (62) Karlsson,B (2187)-Farago,S (2325) Budapest 2004}) 14. Rd2 f4 15. Rfd1 Rhe8 16. h4 Bf5 17. Rxd8+ Rxd8 18. Nd5 Bxb2 19. Ne7+ {[%mdl 64] [#] Double Attack} Kc7 20. Rxd8 Kxd8 21. Nxf5 $11 {[%mdl 4096] Endgame KBN-KBN} g6 22. Nd6 Kc7 23. Nf7 a5 24. Kf1 Kd7 25. Bh3+ {The position is equal.} Ke7 26. Ng5 $1 h6 27. Ne6 Be5 28. Nc5 b6 29. Nd3 Kd6 30. Bg2 c5 31. Ke1 g5 32. hxg5 hxg5 33. f3 {Accuracy: White = 90%, Black = 74%.} 1/2-1/2

[Event "EICC 2019"]
[Site "Skopia"]
[Date "2019.03.26"]
[Round "8.31"]
[White "Melkumyan, Hrant"]
[Black "Martinovic, Sasa"]
[Result "1/2-1/2"]
[WhiteElo "2661"]
[BlackElo "2558"]
[Annotator "TA"]
[PlyCount "76"]
[EventDate "2019.03.18"]
[EventType "swiss"]
[EventCountry "MKD"]
[SourceTitle "playchess.com"]
[Source "ChessBase"]
[SourceQuality "1"]

{[%evp 20,76,0,0,6,0,16,22,19,29,21,6,28,20,25,13,24,17,20,0,0,-18,-20,-16,-16,-17,-19,-18,-13,-15,-19,-95,-83,-91,-27,-27,-23,-21,-22,-22,-31,-44,0,0,0,0,0,0,0,0,0,0,0,0,0,0,0,0,0]} 1. e4 e6 2. d4 d5 3. Nc3 Nf6 4. e5 Nfd7 5. f4 c5 6. Nf3 Nc6 7. Be3 cxd4 8. Nxd4 Qb6 9. Qd2 Qxb2 10. Rb1 Qa3 11. Bb5 {[#] And now Rb3 would win.} Nxd4 {C11: French: Classical System: 4 e5 and 4 Bg5 dxe4} 12. Bxd4 a6 13. Bxd7+ Bxd7 14. Rb3 Qe7 $1 15. Rxb7 Qd8 16. Bb6 (16. O-O Qc8 17. Rb3 Bc5 18. Rf2 O-O 19. Nd1 Bxd4 20. Qxd4 {½-½ (31) Inarkiev,E (2684)-Kravtsiv,M (2654) Ankara 2018}) 16... Qc8 17. Rc7 Qd8 $1 18. Qd4 {[#]} Ba3 $146 19. O-O Rc8 20. Rxc8 Qxc8 21. f5 {aiming for fxe6.} Qc4 22. Qxc4 dxc4 23. f6 gxf6 24. exf6 Rg8 25. Be3 (25. g3 $11) 25... Bc6 $17 26. g3 Rg6 (26... Bd6 $17 27. Rb1 Bc7) 27. Rf4 $11 e5 28. Rxc4 Rxf6 29. Ne4 Rg6 30. Bc5 Bxc5+ 31. Nxc5 $15 {[%mdl 4096] Endgame KRB-KRN. The position is equal.} Bd5 32. Ra4 Rc6 33. Nxa6 Rxc2 34. Ra5 Rg2+ 35. Kf1 {Black must now prevent Nc7+.} Rxa2 36. Nc7+ Kd7 37. Rxd5+ {[%mdl 64] [#] Double Attack} Kxc7 38. Rxe5 Rxh2 {Accuracy: White = 56%, Black = 69%.} 1/2-1/2

[Event "EICC 2019"]
[Site "Skopia"]
[Date "2019.03.26"]
[Round "8.32"]
[White "Santos Ruiz, Miguel"]
[Black "Edouard, Romain"]
[Result "0-1"]
[WhiteElo "2560"]
[BlackElo "2658"]
[Annotator "TA"]
[PlyCount "54"]
[EventDate "2019.03.18"]
[EventType "swiss"]
[EventCountry "MKD"]
[SourceTitle "playchess.com"]
[Source "ChessBase"]
[SourceQuality "1"]

{[%evp 16,54,4,6,24,18,62,66,68,33,21,0,36,-29,-22,-23,-38,-27,0,-34,-29,-137,0,-371,-373,-653,-610,-709,-691,-620,-532,-541,-521,-518,-503,-1252,-1414,-1329,-1132,-5293,-817]} 1. e4 e6 2. d4 d5 3. Nc3 Nf6 4. e5 Nfd7 5. f4 c5 6. Nf3 Nc6 7. Be3 Be7 8. Qd2 O-O 9. dxc5 Qa5 {C11: French: Classical System: 4 e5 and 4 Bg5 dxe4} 10. O-O-O b6 11. Bb5 Nb4 {White is slightly better.} 12. a3 (12. Kb1 {is interesting.} bxc5 13. a3 Rb8 14. axb4 cxb4 15. Nxd5 exd5 16. Bxd7 Bxd7 17. Qxd5 Qxd5 18. Rxd5 Bf5 19. Bxa7 Rb7 20. Bc5) 12... bxc5 13. Bxd7 ({Reject} 13. axb4 cxb4 14. Na4 Qxb5 $17) 13... Bxd7 14. axb4 ({White should play} 14. f5 $1 $14) 14... cxb4 $11 15. Nb1 Rfc8 16. Nd4 Qa1 $146 ({Predecessor:} 16... Qa2 17. f5 exf5 {½-½ (33) Kryvoruchko,Y (2714)-Sychev,K (2459) Minsk 2017}) 17. Qd3 a5 18. f5 {[#]} (18. Kd2 $11) 18... exf5 (18... a4 $1 $17 {[%cal Ra4a3] aiming for ...a3.} 19. f6 Bf8) 19. e6 $2 {[%mdl 8192]} ({Of course not} 19. Nxf5 Bxf5 20. Qxf5 b3 $17) (19. Rhf1 $1 $11) 19... fxe6 $19 20. Nxf5 $2 (20. Bf4 a4 21. Qg3) 20... exf5 {Black is clearly winning.} (20... Bf6 21. Bd4 $15) 21. Qxd5+ Kh8 {Strongly threatening ...Ba4.} 22. Qxd7 Bf6 23. Rd4 b3 24. c3 {[#]} a4 $1 {[%cal Ba5a4,Ba4a3,Ba3a2][%mdl 32]} 25. Qf7 (25. Rxa4 $142 Qxa4 26. Qxa4 Rxa4 27. Bd2) 25... a3 {( -> ...a2)} 26. Qxb3 a2 27. Qc2 Rxc3 {Accuracy: White = 26%, Black = 62%.} (27... Rab8 $142 28. Rc4 Rxc4 29. Bd2 Bxc3 {[%mdl 64] Pin} 30. Kd1 Qxb1+ 31. Qxb1 axb1=Q+ 32. Ke2 Qe4+ {[%mdl 64] Double Attack} 33. Kf2 Bd4+ 34. Kf1 Rxb2 35. h4 Rb1+ 36. Be1 Rxe1#) 0-1

[Event "EICC 2019"]
[Site "Skopia"]
[Date "2019.03.26"]
[Round "8.33"]
[White "Kovalenko, Igor"]
[Black "Kadric, Denis"]
[Result "1-0"]
[WhiteElo "2658"]
[BlackElo "2547"]
[Annotator "TA"]
[PlyCount "101"]
[EventDate "2019.03.18"]
[EventType "swiss"]
[EventCountry "MKD"]
[SourceTitle "playchess.com"]
[Source "ChessBase"]
[SourceQuality "1"]

{[%evp 13,101,40,37,18,35,-2,5,-4,38,24,59,42,56,57,59,52,89,86,95,64,66,54,64,43,46,47,64,75,84,76,68,66,87,95,73,66,178,178,178,184,183,63,216,179,206,195,208,196,218,212,195,191,231,208,218,179,185,186,157,129,262,238,254,250,364,312,345,343,339,297,298,293,366,397,457,459,495,441,437,441,516,512,493,471,916,903,985,965,1003,963]} 1. Nf3 d6 2. d4 g6 3. e4 Bg7 4. c3 Nf6 5. Bd3 O-O 6. O-O Nbd7 7. Re1 e5 8. a4 {B07: Pirc Defence: Miscellaneous Systems} Re8 9. Bg5 h6 10. Bh4 {The position is equal.} a5 $146 ({Predecessor:} 10... g5 11. Bg3 Nh5 12. Na3 Nxg3 13. hxg3 exd4 14. cxd4 Nf8 15. Nc2 a6 {1-0 (51) Grachev,B (2658)-Can,E (2589) Minsk 2017}) 11. Nbd2 b6 12. Bb5 Ba6 13. Bc6 Rb8 14. Qc2 Qe7 15. Rad1 Bb7 16. Bxb7 (16. Bb5 {is more complex.} c6 17. Bf1 exd4 18. cxd4 Qf8 19. e5) 16... Rxb7 17. h3 Ra8 18. Nc4 Qe6 19. Qb3 b5 20. axb5 a4 21. Qa2 Rxb5 22. b4 $1 Nh5 23. d5 Qe8 24. Qc2 Nb6 (24... Rbb8 $14) 25. Na3 $18 {[%mdl 64] Trapped Piece} Nc8 26. Nxb5 Qxb5 27. Qd3 (27. Rb1 $18) 27... Qb6 $2 ({Black should play} 27... Qxd3 $14 28. Rxd3 f5) 28. Ra1 g5 {[#]} 29. Nxg5 $1 Nf4 30. Qg3 {Black must now prevent Nxf7!} hxg5 31. Bxg5 (31. Qxg5 $6 Qa6 $16) 31... Qb5 32. Qg4 $40 {[%mdl 128] Black is in trouble.} (32. Bxf4 exf4 33. Qxf4 Bxc3 $11) 32... Nb6 {[#]} 33. g3 $1 {[%cal Rg3f4]} (33. Bxf4 exf4 34. h4 a3 $11) 33... Ng6 34. h4 {And now h5 would win.} Qd7 35. Qxd7 Nxd7 36. c4 Bf8 (36... Nf4 $16) 37. Ra2 Nb6 38. Rc1 a3 (38... Kg7 $142 39. Be3 Ne7) 39. Rc3 Ra4 40. Be3 ({But not} 40. Raxa3 Rxb4 41. Ra7 Na4 $18) 40... Rxb4 41. Bxb6 (41. Raxa3 Nxc4 42. Ra8 Nxe3 $16) 41... Rxb6 42. Raxa3 Rb1+ 43. Kg2 Bh6 44. Ra7 {White is clearly winning.} Re1 45. Kf3 f5 46. exf5 e4+ 47. Kg4 Ne5+ 48. Kh5 e3 (48... Bf8 $142 49. f6 (49. Rxc7 Re2 $18) 49... Re2) 49. fxe3 Bxe3 50. Rxc7 Rf1 51. g4 {Accuracy: White = 67%, Black = 36%.} 1-0

[Event "EICC 2019"]
[Site "Skopia"]
[Date "2019.03.26"]
[Round "8.34"]
[White "Zajic, Milan"]
[Black "Fressinet, Laurent"]
[Result "1/2-1/2"]
[WhiteElo "2485"]
[BlackElo "2652"]
[Annotator "TA"]
[PlyCount "54"]
[EventDate "2019.03.18"]
[EventType "swiss"]
[EventCountry "MKD"]
[SourceTitle "playchess.com"]
[Source "ChessBase"]
[SourceQuality "1"]

{[%evp 23,54,27,20,0,8,0,0,0,0,-10,-13,-50,-60,-51,-12,-19,-10,-9,-9,-10,-8,-10,-4,-19,-19,-19,-5,-6,26,22,43,43,45]} 1. e4 e5 2. Nf3 Nc6 3. Bb5 a6 4. Ba4 Nf6 5. O-O Bc5 6. d3 d6 7. c3 O-O 8. Nbd2 {[%cal Bb1d2,Bd2f1,Bf1g3,Bg3e4,Be4g5][%mdl 32] C78: Ruy Lopez: Archangelsk and Möller Defences} Ba7 9. h3 Ne7 10. Re1 (10. d4 Ng6 11. Bc2 c5 12. dxe5 dxe5 13. Nc4 Qc7 14. Bg5 Be6 15. Ne3 {1-0 (42) Bosiocic,M (2599)-Wang,H (2730) St Petersburg 2018}) 10... Ng6 11. Nf1 c6 12. Ng3 d5 {LiveBook: 12 Games} 13. exd5 Nxd5 14. d4 exd4 15. Nxd4 Be6 16. Ne4 $146 ({Predecessor:} 16. Nxe6 fxe6 {0-1 (30) Baskin,R (2166)-Kollars,D (2259) Magdeburg 2014}) 16... Qc7 17. Ng5 Bd7 18. Bb3 Rae8 (18... Nf6 {seems wilder.} 19. Ndf3 c5 20. Be3 Rae8 21. Qd3 Bb5) 19. Bxd5 cxd5 20. Rxe8 Rxe8 21. Ngf3 Bb8 22. Be3 h6 23. Qb3 {[#]} Nh4 $1 {[%mdl 512]} 24. Re1 (24. Nxh4 Qh2+) 24... Nxf3+ 25. Nxf3 Bb5 26. Qxd5 Bc4 27. Qd4 b5 {Accuracy: White = 57%, Black = 85%.} 1/2-1/2

[Event "EICC 2019"]
[Site "Skopia"]
[Date "2019.03.26"]
[Round "8.35"]
[White "Arutinian, David"]
[Black "Moiseenko, Alexander"]
[Result "1/2-1/2"]
[WhiteElo "2555"]
[BlackElo "2648"]
[Annotator "TA"]
[PlyCount "38"]
[EventDate "2019.03.18"]
[EventType "swiss"]
[EventCountry "MKD"]
[SourceTitle "playchess.com"]
[Source "ChessBase"]
[SourceQuality "1"]

{[%evp 9,38,8,20,14,12,-14,0,-17,8,0,16,2,6,9,6,0,5,-10,-11,0,0,0,0,0,0,0,0,0,0,0,0]} 1. Nf3 Nf6 2. c4 e6 3. e3 d5 4. b3 Bd6 5. Bb2 b6 {The position is equal.} (5... O-O 6. Be2 dxc4 7. Bxc4 b6 8. Nc3 Bb7 9. d4 a6 10. O-O b5 11. Bd3 Nbd7 12. a4 b4 13. Nb1 c5 14. Nbd2 cxd4 15. Nxd4 {½-½ (59) Nakamura,H (2746)-So,W (2765) Kolkata 2018}) 6. Nc3 {A13: English Opening: 1...e6} O-O 7. Qc2 c5 8. Ng5 $146 {Strongly threatening Nxd5!} ({Predecessor:} 8. g4 Bb7 9. cxd5 Nxd5 10. Ne4 Be7 11. a3 Nd7 12. g5 {1-0 (20) Khismatullin,D (2628)-Potkin,V (2574) Sochi 2017}) 8... d4 9. Nce4 Nxe4 10. Qxe4 {[%csl Gg5][%cal Re4h7][%mdl 64] [#] Double Attack} Qxg5 11. Qxa8 {With the idea g3.} Qe7 12. Qf3 ({But not} 12. exd4 $6 cxd4 13. Be2 (13. Bxd4 Na6 $16) 13... Na6 $14) 12... e5 13. Bd3 f5 $1 {[#] Threatens to win with ...e4.} 14. e4 {[%cal Re4f5]} fxe4 15. Qxe4 Bf5 16. Qd5+ Be6 $1 {[%cal Re6d5]} 17. Qe4 Bf5 $1 {[%cal Rf5e4]} 18. Qd5+ Be6 $1 {[%cal Re6d5]} 19. Qe4 Bf5 $1 {Accuracy: White = 83%, Black = 94%.} 1/2-1/2

[Event "EICC 2019"]
[Site "Skopia"]
[Date "2019.03.26"]
[Round "8.36"]
[White "Kuzubov, Yuriy"]
[Black "Grigoriants, Sergey"]
[Result "1-0"]
[WhiteElo "2644"]
[BlackElo "2543"]
[Annotator "TA"]
[PlyCount "77"]
[EventDate "2019.03.18"]
[EventType "swiss"]
[EventCountry "MKD"]
[SourceTitle "playchess.com"]
[Source "ChessBase"]
[SourceQuality "1"]

{[%evp 11,77,16,39,15,56,16,45,27,45,26,64,60,71,73,85,93,88,90,85,90,131,129,215,164,227,218,488,521,530,542,539,517,540,489,534,528,526,526,491,490,457,395,1463,384,364,323,352,324,326,322,321,320,296,297,411,417,422,424,413,394,376,322,316,298,467,463,425,381]} 1. d4 Nf6 2. Nf3 e6 3. c4 b6 4. g3 Bb7 5. Bg2 Bb4+ 6. Bd2 c5 7. d5 {E16: Queen's Indian: 4 g3 Bb7 5 Bg2 Bb4+} (7. Bxb4 cxb4 8. O-O O-O 9. Qd3 d6 10. Nbd2 Qc7 11. Ne1 Bxg2 12. Kxg2 Nc6 13. Nc2 a5 14. Rfd1 e5 15. e4 Rac8 16. Rac1 Rfd8 17. Nf1 Qb7 18. f3 {½-½ (30) Miton,K (2590)-Moiseenko,A (2648) Germany 2019}) 7... Bxd2+ 8. Qxd2 exd5 9. Nh4 $1 {White is slightly better.} Ne4 10. Qc2 Qf6 11. O-O Qe5 $146 ({Predecessor:} 11... g5 12. cxd5 Nd6 13. Nf3 Bxd5 14. Nc3 Bc6 15. Rad1 {1-0 (38) Farago,I (2510)-Robatsch,K (2410) Austria 1995}) 12. Nd2 O-O 13. cxd5 Nxd2 14. Qxd2 d6 15. f4 Qf6 16. e4 Ba6 (16... g6 $16) 17. Rf2 g6 {[#]} (17... Bc8 $142 18. e5 Qe7) 18. e5 $1 $18 {[%cal Re5f6]} dxe5 $2 (18... Qg7 {is a better defense.} 19. e6 (19. exd6 Nd7 $16) 19... f5) 19. fxe5 Qxe5 20. d6 Nd7 21. Re1 Qd4 22. Qxd4 cxd4 23. Bxa8 Rxa8 24. Re7 {[%mdl 64] Double Attack} Rd8 25. Rfxf7 {White threatens Rg7+ and mate.} Nf8 26. d7 {Rg7+ is the strong threat.} d3 $2 (26... Bb5 27. Nf3 d3) 27. Nf3 $2 (27. Rg7+ Kh8 {[#]} 28. Rxh7+ $1 {[%mdl 512]} Nxh7 29. Re8+ {[%mdl 64] Double Attack} Kg7 30. Rxd8) 27... Bb5 28. Rg7+ Kh8 29. Re8 Kxg7 30. Rxd8 Nxd7 {[%mdl 4096] Endgame KRN-KBN} 31. Kf2 Kf6 32. Ke3 Nc5 33. Nd4 Bc4 34. b3 {[%cal Bb2b3,Bb3b4][%mdl 32]} Bf7 35. b4 Na4 36. Kxd3 Bxa2 37. Ra8 Bb1+ (37... a5 {was worth a try.} 38. bxa5 Bd5) 38. Kd2 Ke5 39. Ne2 {Accuracy: White = 73%, Black = 29%.} 1-0

[Event "EICC 2019"]
[Site "Skopia"]
[Date "2019.03.26"]
[Round "8.37"]
[White "Yilmaz, Mustafa"]
[Black "Kulaots, Kaido"]
[Result "1-0"]
[WhiteElo "2636"]
[BlackElo "2544"]
[Annotator "TA"]
[PlyCount "81"]
[EventDate "2019.03.18"]
[EventType "swiss"]
[EventCountry "MKD"]
[SourceTitle "playchess.com"]
[Source "ChessBase"]
[SourceQuality "1"]

{[%evp 21,81,46,59,55,57,50,61,45,61,40,29,26,43,45,40,45,86,87,137,125,138,143,149,150,149,137,194,189,197,182,197,143,159,144,135,128,118,106,262,274,260,256,444,460,462,458,449,462,466,462,468,453,479,467,494,501,689,687,820,793,1790,1765]} 1. Nf3 Nf6 2. c4 c5 3. d4 cxd4 4. Nxd4 b6 5. Nc3 Bb7 6. f3 d6 7. e4 e6 8. Be2 Be7 9. Be3 O-O 10. Qd2 a6 11. O-O Qc7 12. Rfc1 {B41: Sicilian: Kan Variation: 5 c4} Rc8 (12... Nbd7 13. b4 Rac8 14. Nb3 Qb8 15. Bf1 Rfe8 16. Qf2 Bd8 17. Na4 Ba8 18. c5 b5 19. Nc3 Bc7 20. g3 dxc5 21. Nxc5 Nxc5 22. bxc5 {1-0 (45) Nepomniachtchi,I (2729)-Ponkratov,P (2613) Riadh 2017}) 13. Bf1 Nbd7 14. Rab1 {White is slightly better.} Qd8 15. b4 Rab8 $146 ({Predecessor:} 15... Ne5 16. Na4 Rab8 17. Nb3 Nfd7 18. Nb2 Ra8 19. a3 h6 {½-½ (131) Reinaldo Castineira,R (2503)-Ardelean,G (2475) Gijon 2018}) 16. Nb3 Ba8 17. a4 Qf8 18. a5 bxa5 19. Nxa5 Bd8 {[#]} 20. Na4 $1 $36 {[%mdl 2048] Black is under strong pressure.} Nb6 21. Nxb6 Bxb6 22. Bxb6 Rxb6 {[#]} 23. e5 $1 {[%mdl 512]} dxe5 (23... Ne8 $16 {might work better.}) 24. c5 $18 Rbb8 25. Bxa6 Rd8 26. Qe1 ({Better is} 26. Qf2 $18) 26... e4 $16 27. c6 {Hoping for b5.} exf3 28. c7 {[%mdl 64] aiming for gxf3. Double Attack} (28. gxf3 $6 Nd5 $14) 28... Qd6 {( -> ...Ng4!)} 29. cxd8=Q+ (29. cxd8=B $2 Ng4 $19) 29... Qxd8 $2 (29... Rxd8 $16 {keeps fighting.} 30. Rd1 (30. Nb7 Bxb7 31. Bxb7 Qb6+ {[%mdl 64] Double Attack} 32. Qf2 Qxb7 $14) 30... Bd5 31. Rxd5 (31. Nb7 Qxa6 32. Nxd8 Ng4 $14) 31... Nxd5) 30. Bf1 $18 Ng4 {[#]} 31. Qc3 $1 fxg2 $2 ({Don't play} 31... f2+ 32. Kh1) (31... Nxh2 32. Qc7 Nxf1 33. Qxd8+ Rxd8 34. Rxf1 Be4) 32. Bxg2 {White is clearly winning.} ({Less strong is} 32. Be2 Nxh2 33. b5 (33. Kxh2 Qh4+ 34. Kg1 Qh1+ 35. Kf2 Qh4+ 36. Ke3 Qg5+ 37. Kf2 Qh4+ 38. Qg3 Qd4+ 39. Qe3 Qh4+ 40. Qg3 Qd4+ 41. Qe3 Qh4+ 42. Kg1 Qh1+ 43. Kf2 Qh4+ $11 {[%mdl 64] Double Attack}) 33... Nf1 $18) 32... Bxg2 33. Kxg2 h5 34. Nc6 Qd6 35. Qg3 Qd2+ 36. Kg1 Rb5 {Black hopes to continue with ...h4.} 37. Rd1 Qa2 38. Ra1 Qb2 39. Ra5 Rxa5 40. bxa5 f5 41. Qb8+ {Accuracy: White = 75%, Black = 49%.} 1-0

[Event "EICC 2019"]
[Site "Skopia"]
[Date "2019.03.26"]
[Round "8.38"]
[White "Gumularz, Szymon"]
[Black "Hovhannisyan, Robert"]
[Result "0-1"]
[WhiteElo "2473"]
[BlackElo "2634"]
[Annotator "TA"]
[PlyCount "198"]
[EventDate "2019.03.18"]
[EventType "swiss"]
[EventCountry "MKD"]
[SourceTitle "playchess.com"]
[Source "ChessBase"]
[SourceQuality "1"]

{[%evp 21,198,24,22,21,26,19,27,0,0,-17,-27,-18,-15,-18,-16,-22,-34,-47,-27,-60,-28,-39,-35,-42,-8,-18,-14,-39,-8,-17,0,0,0,0,0,0,0,0,0,-2,26,18,36,0,46,30,61,5,41,0,64,66,56,54,60,53,56,-72,-72,-70,-66,-60,-60,-60,-59,-56,-63,-213,-218,-218,-218,-218,-218,-213,-209,-481,-481,-481,-481,-481,-479,-481,-481,-479,-479,-479,-479,-479,-478,-478,-478,-478,-478,-481,-481,-481,-481,-481,-481,-476,-476,-476,-476,-476,-476,-476,-476,-476,-476,-481,-481,-495,-495,-481,-481,-481,-481,-481,-481,-488,-488,-476,-476,-12850,-29937,-6908,-29939,-29950,-29944,-12848,-12848,-12834,-12840,-29937,-7143,-5399,-5341,-718,-506,-5341,-5341,-12780,-481,-462,-455,-29975,-29976,-29976,-29977,-29977,-29978,-29978,-29976,-29974,-491,-29978,-29979,-29979,-29980,-29980,-29981,-29981,-29982,-29982,-29981,-29981,-29982,-29982,-29981,-29981,-29978,-29978,-29978,-29986,-29987,-29992,-29992,-29997,-29998]} 1. e4 e5 2. Nf3 Nc6 3. Bb5 a6 4. Ba4 Nf6 5. O-O Be7 6. Re1 b5 7. Bb3 d6 8. c3 O-O 9. h3 Nb8 10. d4 Nbd7 11. Nbd2 {[%cal Bb1d2,Bd2f1,Bf1g3][%mdl 32]} c5 12. Nf1 {C95: Closed Ruy Lopez: Breyer Variation with 10 d4} Re8 13. Ng3 Bf8 14. dxe5 {White has an edge.} (14. Bc2 cxd4 15. cxd4 exd4 16. Bf4 Bb7 17. Nxd4 g6 18. Qd2 Nc5 19. Bg5 Bg7 {½-½ (37) Karjakin,S (2760)-Kovalev,V (2664) Batumi 2018}) 14... dxe5 15. Nh2 c4 16. Bc2 g6 17. Qf3 $1 {[#]} a5 $146 ({Predecessor:} 17... Bb7 18. Bg5 h6 19. Be3 Bg7 {½-½ (62) Yilmazyerli,M (2454)-Efimenko,Z (2641) Baku 2014}) 18. Bg5 h6 19. Bd2 Ra6 20. Rad1 Rd6 21. Bc1 Ree6 22. b3 Nc5 23. bxc4 bxc4 24. Ba3 Rxd1 (24... Nd3 $5 {[%cal Rd3e1]} 25. Rf1 Rd7 26. Bxf8 Kxf8 $11) 25. Rxd1 Rd6 26. Rxd6 Bxd6 27. Qe3 Qf8 28. Nf3 {With the idea Nxe5!} Nfd7 29. h4 Kh7 30. h5 Ne6 31. hxg6+ fxg6 32. Bc1 Bc5 33. Qe2 Ba6 34. Ba4 ({White should try} 34. Qd2 $14 Bb5 35. a4) 34... Nb6 $11 35. Bc2 Nd7 $1 36. Qd2 Bb5 37. a4 Bc6 38. Qe2 Nf4 39. Qd2 (39. Bxf4 $1 $14 {keeps the upper hand.} exf4 40. Nf1) 39... Qd6 $1 $17 40. Nxe5 Qxd2 41. Bxd2 Nxe5 42. Bxf4 Nd3 $1 {[%cal Rd3f4]} 43. Bc7 Nxf2 44. Bxa5 ({White should play} 44. Kf1 $15) 44... Nxe4+ $1 $19 45. Kh2 Bd6 46. Bxe4 Bxe4 {[%mdl 4096] Endgame KBB-KBN} 47. Bb6 Bc6 48. a5 $2 (48. Bf2) 48... h5 49. Bd8 Bf4 50. Kh3 {[#]} Kh6 $1 51. a6 Bd7+ 52. Kh2 {[#]} h4 $1 {[%mdl 512]} 53. Bxh4 {[#]} g5 $1 {[%cal Rg5h4]} 54. a7 Bc6 55. Kh3 {aiming for Nf5+.} gxh4 56. Kxh4 Kg6 57. Kg4 Be3 58. Nf5 Bc5 59. Kf4 Kf6 60. Ne3 Bxa7 61. Nxc4 Bxg2 62. Nd2 Bb7 63. Nb3 Ke6 64. c4 Kd6 65. Kf5 Be3 66. Na1 Kc5 67. Nc2 Bc1 68. Ne1 Bd2 69. Nd3+ Kd4 70. Ne5 Bc8+ 71. Kf6 {intending Nf3+.} Bc3 72. Nf7 (72. Ng6 $142) 72... Kxc4+ 73. Ke7 Kd5 74. Ng5 Bf5 75. Nf7 Bd3 76. Ng5 Bc4 77. Nf7 Be2 78. Ng5 Be1 79. Kf6 Bg4 80. Kg6 (80. Nf7 $142) 80... Bc3 81. Nf7 Ke6 (81... Bd7 $142 {( -> ...Be8)} 82. Ng5 Ke5 83. Nf7+ Kf4) 82. Ng5+ Ke5 83. Kf7 (83. Nf7+ $19 Kf4 84. Nd6) 83... Be2 84. Kg6 Bd3+ 85. Kf7 Kf5 86. Nh7 Bc4+ 87. Ke8 Bb5+ (87... Be2 $142 88. Nf8 Bb4 89. Nd7 Ke6 90. Nf8+ Ke5 91. Kf7 Bc4+ 92. Kg7 Bb3 93. Ng6+ Kf5 94. Nf8 Bc3+ 95. Kh6 Bd2+ 96. Kg7 Bc3+ 97. Kh6 Bd4 98. Nh7 Bc4 99. Nf8 Be3+ 100. Kg7 Bd4+ 101. Kh6 Bg1 102. Nh7 Bc5 103. Kg7 Bd4+ 104. Kh6 Be3+ 105. Kg7 Bd5 106. Nf8 Bd4+ 107. Kh6 Bc6 108. Nh7 Be8 109. Nf8 Kf6 110. Nh7+ Kf7 111. Kg5 Kg7 {[%mdl 64] Trapped Piece} 112. Kf4 Kxh7 113. Ke4 Bf6 114. Kd5 Bf7+ 115. Kc5 Kg6 116. Kc6 Kf5 117. Kc5 Ke5 118. Kc6 Be6 119. Kc5 Be7+ 120. Kb5 Kd5 121. Kb6 Bf5 122. Kb5 Bd7+ 123. Kb6 Bd8+ 124. Kb7 Kd6 125. Kb8 Kc6 126. Ka7 Be6 127. Ka6 Bc4+ 128. Ka7 Kc7 129. Ka8 Bh4 130. Ka7 Bf2+ 131. Ka8 Bd5#) 88. Kf7 (88. Ke7 $19) 88... Be2 {Black mates.} 89. Nf8 Bh5+ 90. Kg8 Kf6 91. Nh7+ Ke7 {[%csl Ge7][%cal Rh5f7]} 92. Ng5 Bg6 93. Ne4 Bd4 94. Ng5 Bf6 95. Nh3 Bf5 96. Nf4 Bg5 97. Nh5 Bg6 98. Ng7 Bd2 99. Kh8 Kf7 {Accuracy: White = 54%, Black = 80%.} 0-1